000 00887nac a22002771i 4500
003 EG-ScBUE
005 20250121094113.0
008 250121b2002 nyua f b 001 0 eng d
020 _a0387952691 (alk. paper)
020 _a9780387952697
040 _aEG-ScBUE
_beng
_erda
_cEG-ScBUE
_dEG-ScBUE
082 0 4 _a530
_bHAN
_222
245 0 0 _aHandbook of physics /
_cWalter Benenson, [and three others] editors.
264 1 _aNew York :
_bSpringer,
_c[2002]
264 4 _cc2002
300 _axxv, 1181 pages :
_billustrations ;
_c25 cm
336 _2rdacontent
_atext
_btxt
337 _aunmediated
_2rdamedia
_bn
338 _avolume
_bnc
_2rdacarrier
504 _aIncludes bibliographical references and index.
650 7 _aPhysics
_vHandbooks, manuals, etc.
_2BUEsh
655 _vReading book
700 1 _aBenenson, Walter,
_eeditor.
700 1 _aBenenson, Walter.
942 _cBB
_2ddc
999 _c1367
_d1367